000
00291nam a22001217a 4500
082
_a
823
_b
ABR/S
100
_a
ABRAR & RUDRA
245
_a
THE SLEEPING BEAUTY
_b
ENCHANTING FAIRY TALES
260
_a
CHENNAI
_b
SEASONS PUBLISHING
300
_a
128
650
_a
ENGLISH STORY
_z
INDIA
942
_c
BK
999
_c
7413
_d
7413